| 000 -LEADER |
| fixed length control field |
01356nam a22001577a 4500 |
| 008 - FIXED-LENGTH DATA ELEMENTS--GENERAL INFORMATION |
| fixed length control field |
211004b ||||| |||| 00| 0 eng d |
| 100 ## - MAIN ENTRY--PERSONAL NAME |
| Personal name |
Khobragade, Vinod and Avneet Kumar, Nim |
| 245 ## - TITLE STATEMENT |
| Title |
The US-China new cold war |
| 260 ## - PUBLICATION, DISTRIBUTION, ETC. (IMPRINT) |
| Place of publication, distribution, etc |
World Affairs |
| 300 ## - PHYSICAL DESCRIPTION |
| Extent |
25(2), Apr-Jun, 2021: p.70-83 |
| 520 ## - SUMMARY, ETC. |
| Summary, etc |
The escalating confrontations and intensifying competition on multidimensional grounds such as trade, security andmilitary tensions, nationalism, defence capabilities, technology, new strategic multilateral collaborations and the protectionist approach clearly indicate the emergence of a New Cold War between the US and China. Military tensions have risen in the Indo- Pacific region between both the countries as the region has become the engine and centre of future global political developments. Factually, the evolution ofthe global system appears to be going in the direction of a new bipolarity, where China will play the role of a geostrategic, geo-economic and geo-ideological pole standing against the United States of America at the other end of the Pacific. This paper analyses the nature of the NCW, its effect and also reflects on the changed global order. – Reproduced |
| 650 ## - SUBJECT ADDED ENTRY--TOPICAL TERM |
| Topical term or geographic name as entry element |
US-China cold war, Cold war |
| 9 (RLIN) |
29670 |
| 773 ## - HOST ITEM ENTRY |
| Main entry heading |
World Affairs |
| 906 ## - LOCAL DATA ELEMENT F, LDF (RLIN) |
| Subject DIP |
UNITED SATES - FOREIGN RELATIONS - CHINA |
| 942 ## - ADDED ENTRY ELEMENTS (KOHA) |
| Item type |
Articles |